Formovanie migračnej politiky Slovenskej republiky

Koncepcia migračnej politiky Slovenskej republiky. Nástroje realizácie migračnej politiky. Nelegálna migrácia - prevencia a boj s nelegálnou migráciou. Dodržiavanie ľudských práv vo vzťahu k cudzincom a azylantom.

Enregistré dans:
Détails bibliographiques
Auteur principal: Mrázová, Ivana
Format: Chapitre de livre
Langue:slovaque
Sujets:
Tags: Ajouter un tag
Pas de tags, Soyez le premier à ajouter un tag!

MARC

LEADER 00000nla$a2200000$$$4500
001 0104310
005 20240502072136.9
041 0 |a slo 
044 |a SK 
245 1 0 |a Formovanie migračnej politiky Slovenskej republiky  |c Ivana Mrázová 
520 |a Koncepcia migračnej politiky Slovenskej republiky. Nástroje realizácie migračnej politiky. Nelegálna migrácia - prevencia a boj s nelegálnou migráciou. Dodržiavanie ľudských práv vo vzťahu k cudzincom a azylantom. 
610 2 0 |a migrácia 
610 2 0 |a cudzinci 
610 2 0 |a politika azylová 
610 2 0 |a legislatíva 
610 2 0 |a spolupráca medzinárodná 
610 2 0 |a Slovensko 
100 1 |a Mrázová, Ivana